Songs from the First Line(s) - 1981 - Statistics

General Stats
  • This quiz has been taken 127 times
  • The average score is 15 of 30
Answer Stats
Hint Answer % Correct
Songs I can feel it coming in the air tonight, oh Lord / And I've been waiting for this moment for all my life, Oh Lord Artist(s) Phil Collins
89%
Songs I can feel it coming in the air tonight, oh Lord / And I've been waiting for this moment for all my life, Oh Lord Song In The Air Tonight
87%
Songs Just a small-town girl / Livin' in a lonely world / She took the midnight train goin' anywhere / Just a city boy Song Don't Stop Believin
86%
Songs Mmm num ba de / Dum bum ba be / Doo buh dum ba beh beh / Pressure: pushing down on me / Pressing down on you, no man ask for Song Under Pressure
86%
Songs Just a small-town girl / Livin' in a lonely world / She took the midnight train goin' anywhere / Just a city boy Artist(s) Journey
83%
Songs Mmm num ba de / Dum bum ba be / Doo buh dum ba beh beh / Pressure: pushing down on me / Pressing down on you, no man ask for Artist(s) Queen / David Bowie
83%
Songs Her hair is Harlow gold / Her lips sweet surprise / Her hands are never cold / She's got Bette Davis eyes / She'll turn the music on you Song Bette Davis Eyes
79%
Songs Jessie is a friend, / Yeah, I know he's been a good friend of mine / But lately something's changed / It ain't hard to define Song Jessie's Girl
77%
Songs You were working as a waitress in a cocktail bar / When I met you / I picked you out, I shook you up / And turned you around Song Don't You Want Me
71%
Songs Her hair is Harlow gold / Her lips sweet surprise / Her hands are never cold / She's got Bette Davis eyes / She'll turn the music on you Artist(s) Kim Carnes
65%
Songs Jessie is a friend, / Yeah, I know he's been a good friend of mine / But lately something's changed / It ain't hard to define Artist(s) Rick Springfield
64%
Songs You were working as a waitress in a cocktail bar / When I met you / I picked you out, I shook you up / And turned you around Artist(s) The Human League
59%
Songs I saw him dancing there by the record machine / I knew he must have been about seventeen / The beat was going strong Song I Love Rock 'N' Roll
55%
Songs I saw him dancing there by the record machine / I knew he must have been about seventeen / The beat was going strong Artist(s) Joan Jett & The Blackhearts
55%
Songs Far, / We've been traveling far / Without a home / But not without a star / Free, / Only want to be free Song America
48%
Songs Though I've tried before to tell her / Of the feelings I have for her in my heart / Every time that I come near her Artist(s) The Police
41%
Songs Looking out a dirty old window / Down below the cars in the city go rushing by / I sit here alone and I wonder why Song Kids In America
39%
Songs My love / There's only you in my life / The only thing that's bright / My first love / You're every breath that I take / You're every step I make Artist(s) Lionel Richie / Diana Ross
35%
Songs Looking out a dirty old window / Down below the cars in the city go rushing by / I sit here alone and I wonder why Artist(s) Kim Wilde
34%
Songs My love / There's only you in my life / The only thing that's bright / My first love / You're every breath that I take / You're every step I make Song Endless Love
33%
Songs I'm the dandy highwayman who you're too scared to mention / I spend my cash on looking flash and grabbing your attention Artist(s) Adam and the Ants
29%
Songs Though I've tried before to tell her / Of the feelings I have for her in my heart / Every time that I come near her Song Every Little Thing She Does Is Magic
28%
Songs I see the crystal raindrops fall / And the beauty of it all / Is when the sun comes shining through / To make those rainbows in my mind Song Just The Two Of Us
28%
Songs You gotta speed it up / And then you gotta slow it down / 'Cause if you believe that our love can hit the top / You gotta play around Song Making Your Mind Up
27%
Songs You gotta speed it up / And then you gotta slow it down / 'Cause if you believe that our love can hit the top / You gotta play around Artist(s) Bucks Fizz
26%
Songs I'm the dandy highwayman who you're too scared to mention / I spend my cash on looking flash and grabbing your attention Song Stand and Deliver
24%
Songs I see the crystal raindrops fall / And the beauty of it all / Is when the sun comes shining through / To make those rainbows in my mind Artist(s) Grover Washington, Jr. / Bill Withers
20%
Songs Far, / We've been traveling far / Without a home / But not without a star / Free, / Only want to be free Artist(s) Neil Diamond
20%
Songs I'm saying all the things that I know you'll like / Making good conversation / I gotta handle you just right Artist(s) Olivia Newton-John
18%
Songs I'm saying all the things that I know you'll like / Making good conversation / I gotta handle you just right Song Physical
17%
No matching quizzes found
Score Distribution
Percent of People with Each Score
Percentile by Number Answered
Your Score History
You have not taken this quiz